Statistics for Easy Star Wars quiz

Click here to take the quiz!

General Stats

  • This quiz has been taken 14 times
  • The average score is 9 of 19

Answer Stats

HintAnswer% Correct
Who created Star Wars?George Lucas
93%
What hand did Luke Skywalker lose?Right hand
93%
Who cut Darth Maul in half?Obi Wan-Kenobi
79%
Who played Princess LeiaCarrie Fisher
57%
Who enslaved Princess Leia?Jabba the Hutt
57%
Who played Padme AmidalaNatalie Portman
57%
Who was Obi Wan's clone commander?Commander Cody
50%
What film is widely considered to be a remake of Episode 4?Star Wars: The Force Awakens
50%
What planet did the Death Star destroy?Alderaan
43%
Who played Darth Vader ( voice )James Earl Jones
43%
Where was Anakin Skywalker cut in half?Mustafar
43%
Where was Hoth shot?Norway
43%
Who played Yoda?Frank Oz
36%
Who played Darth Vader ( body )David Prowse
29%
Where was Tatooine shot?Tunisia
29%
Who played Count DookuChristopher Lee
21%
Where was Yavin 4 shot?Guatemala
21%
Who was originally supposed to play Anakin Skywalker?Leonardo Dicaprio
14%
Who was originally supposed to play Mace Windu2pac
7%

Score Distribution

Percentile by Number Answered

Percent of People with Each Score

Your Score History

You have not taken this quiz